[Event "New York op"]
[Site "New York"]
[Date "1998.03.17"]
[Round "4"]
[White "Bareev, Evgeny"]
[Black "Berkovich, Mark A"]
[Result "1/2-1/2"]
[WhiteElo "2675"]
[BlackElo "2390"]
[Annotator "Tsesarsky,I"]
[PlyCount "67"]
[EventDate "1998.03.16"]
[EventType "swiss"]
[EventRounds "9"]
[EventCountry "USA"]
[SourceTitle "CBM 064"]
[Source "ChessBase"]
[SourceDate "1998.06.02"]
[SourceVersion "1"]
[SourceVersionDate "1998.06.02"]
[SourceQuality "1"]

1. d4 Nf6 2. c4 e6 3. Nc3 d5 4. cxd5 exd5 5. Bg5 c6 6. Qc2 Be7 7. e3 Nbd7 8.
Bd3 h6 (8... Nh5 9. Bxe7 Qxe7 10. Nge2 g6 11. O-O-O (11. g4 Ng7 12. O-O-O Nb6
13. Rhg1 $14 {Raicevic,V-Trifunovic,M/Belgrade GMA-op/1988/0-1 (44)}) 11... Nb6
12. Kb1 (12. Ng3 Nf6 13. Rhe1 Be6 14. f3 O-O-O 15. Kb1 Ne8 16. Nge2 Kb8 $11 {
Sadler,M-Crouch,C/Hastings Challenger/1991/0.5 (20)}) 12... Be6 (12... Ng7 13.
Ng3 Bd7 14. Rc1 O-O-O 15. Na4 Nxa4 (15... Kb8 16. Nc5 Bc8 17. b4 $40) 16. Qxa4
Kb8 17. Rc3 b6 18. Ba6 $5 (18. Ra3 $14 {Timman,J-Short,N/El Escorial cf 1993/
1-0 (85)}) 18... Ne6 19. Rhc1 $14 {Kasparov,G-Andersson,U/Reykjavik/1988/ (31)}
) 13. h3 O-O-O 14. Na4 Nf6 (14... Nxa4 15. Qxa4 Kb8 16. Rc1 $14) 15. Nc5 $1 $14
{1-0 Bareev,E-Vladimirov,E/Tilburg 1993 (31)}) 9. Bh4 Nh5 (9... O-O 10. Nge2
Re8 11. h3 a5 12. f3 Nf8 13. Bf2 N6h7 14. h4 b5 $13 {Bishoff,K-Kovacevic,V/YUG/
1989/0,5/21/}) 10. Bxe7 Qxe7 11. O-O-O (11. Nge2 O-O (11... Ndf6 12. O-O-O g6 (
12... Ng4 13. Ng1 g6 14. Nf3 Ng7 15. Rde1 O-O 16. h3 Nf6 17. g4 $14 {1-0 Giese,
R-Hingst,T/NRW-I 1996 (43)}) 13. h3 Ng7 14. Nf4 Bf5 15. Rhe1 Bxd3 16. Nxd3 O-O
17. g4 $14 {1-0 Liliental,A-Thomas,G/Hastings 1933 (36)}) (11... Nf8 12. Rb1 (
12. O-O-O $14) 12... Ne6 13. b4 a6 14. a4 O-O 15. b5 axb5 16. axb5 Bd7 17. O-O
$14 {1/2-1/2 Kottnauer,C-Platt,J/Trencianske Teplice 1949 (41)}) (11... Nb6 12.
O-O O-O 13. Rae1 Nf6 (13... Re8 $1 14. Nc1 Be6 (14... Nf6 15. Nb3 $132 {
Vyzmanavin,A-Smagin,S/Russia (ch) 1995/1-0 (72)}) 15. Nb3 Nd7 $10) 14. Ng3 $14)
12. O-O-O Nhf6 (12... b5 13. Kb1 a5 14. g4 $5 Nhf6 15. g5 (15. Ng3 Nb6 (15...
Nxg4 16. Nf5 $16) 16. Bf5 b4 17. Nce2 $132 {0-1 Van Tilbury,C-Shabash,A/Buenos
Aires ol 1978 (39)}) 15... hxg5 16. h4 $40) 13. Ng3 Nb6 14. Bf5 c5 15. Bxc8
Rfxc8 16. Nf5 Qe6 17. Kb1 Ne4 18. Ng3 $11 {1-0 Fessler,S-Bohne,O/Zuerich op2
1989 (27)}) (11. Nf3 Nf8 (11... Nf4 12. O-O Nxd3 13. Qxd3 Nf6 14. Nd2 Be6 15.
a3 O-O 16. b4 Qd7 17. f3 b5 18. Nb3 Qe7 19. Nc5 Rae8 20. a4 $14 {Crosbie,
R-MacDonald,G/SCO-chT2 1994/0-1 (51)}) 12. O-O Be6 13. Rab1 Nd7 14. b4 O-O 15.
Rfc1 Rfc8 16. Na4 $14 {1-0 Bekker Jensen,D-Kovihi,O/WchJM-U16 Szeged 1994 (49)}
) 11... Nb6 (11... Nhf6 12. Nf3 (12. Nge2 Nb6 13. Kb1 Be6 (13... Bd7 $5) 14. f3
$14 (14. h3 O-O-O (14... h5 $5 15. f3 h4 16. e4 O-O-O 17. e5 Nh5 18. f4 g6 $14)
15. g4 $14 {1-0 Malaniuk,V-Burmakin,V/Moscow op2 1995 (52)})) 12... O-O 13. h3
Re8 14. g4 Ne4 15. Bxe4 dxe4 16. Nd2 Nf6 17. Rdg1 $14 {0-1 Justo,D-Quiroga,F/
Buenos Aires GEB II 1993 (29)}) 12. Kb1 Bd7 (12... Be6 13. Nf3 Nd7 14. Ne5 Nxe5
15. dxe5 g6 16. h3 Ng7 17. g4 h5 18. f4 O-O-O 19. f5 $16 {1-0 Sliwa,
B-Ruszczycki,J/Katowice POL ch 1961 (23)}) 13. h3 O-O-O 14. Nf3 (14. Nge2 $14)
14... Kb8 (14... Rhe8 15. Rc1 Nf6 16. Nd2 $14 (16. Ne5 Kb8 $14 (16... Be6 $2
17. Na4 $2 $16 (17. Bb5 $6 Rd6 18. Bd3) 17... Nfd7 $4 (17... Nxa4 $2 18. Qxa4
Kb8 19. Rxc6 $16) (17... Nc4 18. Bxc4 dxc4 19. Nc5 $16) 18. Nxc6 $1))) 15. Rc1
Nf6 16. Nd2 (16. Ne5 Be6 17. Qe2 $14 (17. g4 $14)) 16... Rhe8 (16... Bc8 17.
Rhd1 $14) 17. Rhe1 Bc8 18. Ka1 (18. g4 $14) 18... Nfd7 19. Ne2 $6 (19. f3 Qg5
20. Nf1 Qh4 21. Re2 Nf6 22. Qd1 Qg5 23. Qe1 $14) 19... Nf6 20. Ng3 (20. Nc3 $14
) 20... g6 21. a3 (21. Qc3 h5 22. Rc2 h4 23. Ne2 Ne4 $132) 21... h5 22. f3 h4
$11 23. Ngf1 (23. Nh1 Nh5 $11) 23... Nh5 24. Nb3 Qd6 (24... Ng7 25. Qf2 f5 (
25... Bf5 26. e4 $14) 26. Nfd2 Nh5 27. Na5 Rd6 28. Ndb3 Nd7 $11) 25. Na5 Re7 (
25... f5 26. Nb3 Ng7 27. Nfd2 Rd7 28. e4 $132) 26. Qf2 g5 (26... Ng3 27. Nxg3
hxg3 28. Qd2 Rde8 29. Rc3 (29. e4 dxe4 30. fxe4 Qxd4 31. Rxc6 Rd8 $15) 29...
Bf5 30. Ba6 (30. Bxf5 gxf5 $11) 30... Bc8 $132) 27. Nd2 Rde8 28. Ndb3 (28. e4
f5 $1 29. exf5 (29. e5 Qg6 $132) 29... Nf4 30. Rxe7 Rxe7 31. Bf1 (31. Bb1 $4
Re2 $19) 31... Bxf5 32. Ndb3 Na4 33. Ba6 Bc8 34. Qc2 Rc7 35. Bf1 $11) 28... Na4
29. e4 Qf4 (29... Nf4 30. Bc2 f5 $1 $11) 30. Bb1 f6 31. Red1 Bd7 32. Qc2 Bc8 $4
$18 (32... dxe4 33. fxe4 Rxe4 34. Qc4 Nb6 35. Qf7 $16) (32... Nb6 33. Nc5 Bc8
34. Na6+ Ka8 35. Nb4 Ng3 $132) 33. Qf2 $4 $19 (33. Nxc6+ bxc6 34. Na5 $18)
33... Bd7 $4 $132 (33... dxe4 $19) 34. Qc2 1/2-1/2

[Event "Hoogovens-B"]
[Site "Wijk aan Zee"]
[Date "1997.01.28"]
[Round "7"]
[White "Dao, Thien Hai"]
[Black "Janssen, Ruud"]
[Result "0-1"]
[WhiteElo "2555"]
[BlackElo "2350"]
[Annotator "Tsesarsky,I"]
[PlyCount "108"]
[EventDate "1997.01.21"]
[EventType "tourn"]
[EventRounds "11"]
[EventCountry "NED"]
[EventCategory "10"]
[SourceTitle "CBM 057"]
[Source "ChessBase"]
[SourceDate "1997.04.01"]
[SourceVersion "1"]
[SourceVersionDate "1997.04.01"]
[SourceQuality "1"]

1. d4 Nf6 2. c4 e6 3. Nc3 d5 4. cxd5 exd5 5. Bg5 Be7 6. e3 O-O 7. Bd3 c6 8.
Nge2 Nbd7 9. Qc2 Re8 10. O-O Nf8 11. f3 Qa5 (11... c5 12. Kh1 (12. Bxf6 Bxf6
13. dxc5 Rxe3 14. Rad1 Be6 15. Be4 d4 16. Nb5 d3 17. Bxd3 Qe7 18. Nd6 b6 19. c6
$16 {1-0 Mozetic,D-Abramovic,B/Ch Yugoslavia, III 1995 (38)}) 12... h6 13. Bh4
Ne6 14. dxc5 Nxc5 15. Bb5 Bd7 16. Bxf6 Bxf6 17. Bxd7 Qxd7 18. Rad1 d4 19. exd4
Ne6 20. d5 $16 {1-0 Vaisser,A-King,D/Frunze 1987 (31)}) (11... g6 12. Kh1 (12.
Rad1 Ne6 13. Bh4 Ng7 14. e4 Be6 15. e5 Nd7 16. Bxe7 Qxe7 17. f4 $14 {1-0
Sharijazdanov,A-Izmestiev,A/RUS-sf Perm 1993 (40)}) 12... Ne6 13. Bh4 Ng7 14.
Bf2 c5 15. dxc5 Bxc5 16. Bh4 Bxe3 17. Bxf6 Qxf6 18. Nxd5 Qg5 19. Nc7 Bh3 20.
Nc3 {1-0 Yakovich,Y-Baburin,A/RSFSR-ch Voronez 1988}) 12. Bh4 $6 $146 (12. a3
$142 h6 (12... Ng4 $2 13. b4 Qd8 14. Bxe7 Qxe7 15. fxg4 $18) 13. b4 Qb6 14. Na4
Qc7 15. Bf4 Bd6 16. Bxd6 Qxd6 17. e4 dxe4 18. fxe4 Ng4 (18... Ne6 19. Qc3 (19.
e5 Nxd4 20. exd6 Nxc2 $17) 19... Ng4 $2 20. e5 {[%csl Rg4]} Qe7 21. Bc2 Qg5 $2
(21... Nc7 $2 22. h3 (22. Qd3 g6 23. h3 Bf5 24. Rxf5 gxf5 25. hxg4 $18) 22...
Nf6 23. Qd3 $18) (21... h5 22. h3 Nh6 23. Qd3 Nf8 24. Rad1 $16) 22. Rf3 Qh5 23.
h3 Ng5 24. hxg4 Nxf3+ 25. gxf3 $18) 19. e5 Qe7 20. Rf3 h5 (20... Qg5 21. Rg3
Ne6 22. h3 Nxd4 23. Nxd4 Qf4 24. Ne2 Qf2+ 25. Kh1 Nxe5 26. Nac3 (26. Bh7+ $2
Kh8 27. Nac3 g6 28. Ne4 Qf5 (28... Bf5 $2 29. Qd2 $3 {[%csl Rf2,Rh6]} Bxe4 30.
Qxh6 $18) 29. Nd4 Qf4 30. Ne2 Qf5 $11) 26... Nxd3 27. Qxd3 $16) 21. Raf1 Be6
22. Be4 Rad8 23. Nc5 b6 24. Nxe6 $16 {1-0 Kallio,H-Joydev,S/WchJM-U14 Szeged
1994 (28)}) 12... Ng4 $1 $15 13. Bf2 (13. Bxe7 Nxe3 $17) 13... Nxf2 14. Rxf2 g6
(14... Bh4 $6 15. g3 Bf6 16. e4 $132) 15. e4 (15. a3 Bg5 16. f4 Bh4 17. g3 Bf6
18. e4 (18. f5 Bg5 19. b4 Qd8 20. Nd1 Bxe3 21. Nxe3 Rxe3 22. fxg6 hxg6 23. Raf1
Bh3 $17) 18... dxe4 19. Nxe4 Bg7 $15) 15... Bg5 16. Kh1 (16. f4 Bh4 17. g3 dxe4
18. Nxe4 Be7 $15) 16... Be3 17. Rff1 Ne6 (17... Be6 18. Nd1 Bh6 19. Qc3 Bd2 $15
) 18. exd5 cxd5 19. f4 $6 (19. Rae1 Rd8 $15) (19. Bb5 Rd8 20. Rad1 Qb6 (20...
a6 21. Ba4 b5 22. Bb3 Bb7 23. Qd3 Bh6 $11) 21. Qd3 Bh6 22. Na4 Qd6 23. Nac3 Nf4
$15) 19... Nxd4 20. Nxd4 Bxd4 21. Nb5 (21. f5 $5 Bg7 (21... g5 $2 22. f6 h6 23.
Qd1 $1 Bxc3 24. Qh5 $5 (24. bxc3 Qxc3 25. Rc1 (25. Qh5 Qxd3 26. Qxh6 Qh7 (26...
Qg6 $2 27. Qxg6+ fxg6 28. f7+ Kf8 29. fxe8=Q+ Kxe8 30. Rae1+ $18) 27. Qxg5+ Kh8
28. Rf4 Re4 $19) 25... Qa3 26. Bb1 $44 {[%csl Rg8][%cal Gd1c2,Gd1h5]}) 24...
Bxf6 25. Rxf6 Re1+ 26. Bf1 $1 Be6 27. Rxh6 (27. b4 Qxb4 28. Rxh6 Kf8 29. Qxg5
Ke8 30. Rh8+ Kd7 31. Rxa8 Rxa1 32. Qd8+ Kc6 33. Qe8+ $11) 27... Kf8 28. Qxg5
Ke8 29. Rxe1 Qxe1 30. Qf6 Kd7 $14) 22. Qb3 Rd8 (22... Bxc3 23. bxc3 Re3 24.
fxg6 fxg6 25. Qc2 Qc7 26. Qf2 Re8 27. Rae1 Be6 28. Qf6 $15) 23. Rad1 d4 24.
fxg6 dxc3 25. Qxf7+ Kh8 26. Rde1 Bh3 27. gxh3 cxb2 28. Re7 Qc3 29. Rc7 Qd4 30.
Bc2 Qd5+ 31. Qxd5 Rxd5 32. gxh7 $11) 21... Bb6 $17 22. a3 (22. Nd6 Rd8 $17) (
22. Rac1 Bf5 23. Bxf5 Qxb5 24. Bd3 Qa5 $17) 22... Bf5 $5 23. Nd6 (23. Bxf5 Qxb5
24. Bd3 $17) 23... Bxd3 24. Qxd3 Re7 $2 (24... Re3 25. Qc2 (25. b4 Rxd3 26.
bxa5 Bxa5 27. Rfd1 Rxd1+ 28. Rxd1 Bc7 29. Rxd5 Rd8 30. Ne4 Rxd5 31. Nf6+ Kf8
32. Nxd5 Bd8 $19) 25... Qc5 26. Qxc5 Bxc5 27. Nxb7 Bd4 28. Rad1 Bxb2 29. Rxd5
Bxa3 $17) 25. b4 Qa4 26. f5 $2 (26. Qxd5 $1 Rd8 (26... Rd7 27. f5 Rad8 28. fxg6
hxg6 29. Rae1 Bc7 30. Re6 $3 (30. Qb5 Qxb5 31. Nxb5 Bb6 $15) 30... fxe6 (30...
Kh7 31. Re4 Bxd6 32. Rh4+ Kg8 33. Qd4 $18) 31. Qxe6+ Kh8 (31... Kg7 32. Qf6+
$11) 32. Qh3+ Kg7 33. Qc3+ $11) 27. Qg5 Red7 28. Nf5 Bd4 29. Nxd4 Rxd4 30. f5
$11) 26... Qc6 27. fxg6 $2 (27. Qg3 $142 Bc7 28. fxg6 fxg6 (28... hxg6 29. Nf5
Rd7 30. Qg5 Re8 31. Nh6+ Kg7 (31... Kf8 $1 32. Ng4 (32. Nxf7 Rxf7 33. Qh6+ Kg8
(33... Ke7 34. Qh4+ Kf8 35. Qh8+ Ke7 36. Qh4+ $11) 34. Rxf7 Kxf7 35. Qh7+ (35.
Rf1+ Kg8 $19) 35... Kf6 36. Rf1+ Kg5 (36... Ke5 37. Qf7 $18) 37. g3 (37. h4+
Kg4 $19) 37... d4+ 38. Kg1 Re4 39. b5 Qd6 40. Qf7 d3 41. h4+ Kh6 $19) 32... Bd8
33. Nf6 Bxf6 34. Rxf6 Re6 $17) 32. Nf5+ Kg8 33. Nh6+) 29. Nf5 Re2 30. Nh6+ Kh8
31. Qf3 Re7 32. Nf7+ Kg8 33. Nh6+ Kg7 $17) 27... Qxd6 $19 28. gxf7+ (28. gxh7+
Kh8 $19) 28... Kg7 29. Rf3 (29. Rf5 Rf8 30. Rxd5 Qf6 31. Rf1 Rfxf7 32. Qg3+ Qg6
$19) 29... Rf8 30. Rh3 Kxf7 (30... h6 31. Rg3+ Kxf7 $19) 31. Rxh7+ Ke8 32. Rh5
Re5 33. Rxe5+ (33. Qg3 Bd4 $19) 33... Qxe5 34. Rd1 Bc7 35. g3 Rf5 36. Qb5+ Kd8
37. Qd3 Kc8 38. Kg2 Bb6 39. Rf1 Rxf1 {The time to resign..} 40. Qxf1 Qe4+ 41.
Kh3 Qe6+ 42. Kg2 d4 43. Qf8+ Bd8 44. Qc5+ Qc6+ 45. Qxc6+ bxc6 46. Kf3 Kd7 47.
Ke4 Bf6 48. h4 Ke6 49. g4 Bxh4 50. Kxd4 Bf2+ 51. Ke4 Kf6 52. a4 Be1 53. b5 cxb5
54. axb5 Kg5 0-1

[Event "Bled op 19th"]
[Site "Bled"]
[Date "1998.??.??"]
[Round "3"]
[White "Kogan, Artur"]
[Black "Samaritani, Fabio"]
[Result "1-0"]
[WhiteElo "2505"]
[BlackElo "2310"]
[Annotator "Tsesarsky,I"]
[PlyCount "61"]
[EventDate "1998.03.21"]
[EventType "swiss"]
[EventRounds "9"]
[EventCountry "SLO"]
[SourceTitle "CBM 064"]
[Source "ChessBase"]
[SourceDate "1998.06.02"]
[SourceVersion "1"]
[SourceVersionDate "1998.06.02"]
[SourceQuality "1"]

1. c4 e6 2. Nc3 d5 3. d4 Nf6 4. Bg5 Be7 5. e3 O-O 6. Qc2 Nbd7 7. cxd5 exd5 8.
Bd3 Re8 9. Nge2 Nf8 10. h4 $5 $146 (10. Nf4 c6 11. O-O-O a5 12. f3 a4 13. a3 b5
14. Na2 Qb6 15. Qd2 $6 Ne6 $5 (15... Ne4 $1 16. fxe4 (16. Bxe4 Bxg5 $132) 16...
Bxg5 17. exd5 Bxf4 18. exf4 cxd5 $132) 16. h4 (16. Nxe6 Bxe6 17. Qc2 h6 18. Bh4
Rec8 $132) 16... Nxf4 17. Bxf4 c5 $132 {Hort,V-Torre,E/Bochum 1981/1-0 (62)}) (
10. Ng3 c6 11. O-O-O Be6 12. h4 h6 13. Bf4 Bd6 14. Bxd6 Qxd6 15. Nf5 Bxf5 16.
Bxf5 g6 17. Bd3 b5 18. h5 g5 19. Kb1 $14 {1-0 Santasiere,A-Morris,H/Ventnor
City 1939 (26)}) (10. h3 Be6 11. O-O-O (11. g4 Rc8 12. Rd1 (12. O-O-O c5 13.
Bxf6 Bxf6 14. Rdg1 cxd4 15. exd4 Qb6 16. Qd2 Kh8 17. Bc2 Rc4 $132 {1-0
Carstensen,J-Costello,C/Politiken Cup '96, VISA NGP, Politiken 1996 (32)})
12... c6 13. Kf1 h6 14. Bf4 c5 15. f3 (15. dxc5 Rxc5 16. Kg2 $14) 15... a6 16.
Ng3 b5 17. Qf2 Ng6 18. Bxg6 fxg6 19. Kg2 Rf8 20. Qd2 g5 21. Be5 Nd7 22. f4 $13
{0-1 Doering,T-Stern,R/BL 1994 (32)}) 11... c5 12. Bb5 N6d7 13. Bxe7 Rxe7 14.
Nf4 $14 {1-0 Raicevic,V-Hector,J/Geneve 1989 (34)}) (10. O-O a6 11. Rad1 h6 12.
Bh4 Be6 13. f3 c5 14. dxc5 Bxc5 15. Nd4 N8d7 16. Kh1 Bxd4 17. exd4 Rc8 18. Rc1
Rc6 19. Qb1 $132 {0-1 Bareev,E-Pigusov,E/Toliatti URS sf 1985 (41)}) (10. O-O-O
b6 (10... Be6 11. Kb1 (11. f3 $5 Rc8 $5 12. Kb1 c5 (12... a6 $5 13. g4 $1 c5
14. dxc5 Bxc5 $1 15. Nd4 Bb4 $5 16. Qb3 Bxc3 17. bxc3 $14) 13. dxc5 Rxc5 14.
Nd4 a6 15. h4 $5 (15. g4 b5 (15... h6 16. Bf4 $16) 16. Qd2 $14) 15... Qb8 $6 (
15... h6 16. Bxf6 (16. Bf4 $5 $14) 16... Bxf6 17. Qf2 $1 $14 {/\ g4}) 16. g4
$14 {1-0 Shirov,A-Ambarcumjan,A/USSR 1989 (38)}) 11... Ng4 (11... Ne4 12. Bxe7
Nxc3+ 13. Nxc3 Qxe7 14. h3 $14) (11... Rc8 12. Nf4 h6 (12... c6 13. Nxe6 fxe6
14. f4 $14 {1-0 Vladimirov,E-Klovans,J/Frunze 1988 (29)}) 13. Nxe6 fxe6 14. Bf4
c5 15. Bg6 cxd4 16. Rxd4 Nxg6 (16... Rxc3 17. bxc3 Qb6+ 18. Ka1 Rc8 19. Bd3 $16
{Annageldiev,O-Petrosian,K/Belgorod GMA-qual 1989/0-1 (56)}) 17. Qxg6 Kh8 $132)
12. Bxe7 Qxe7 13. Nf4 Nf6 14. f3 $1 $14 {1-0 Kasparov,G-Campora,D/Thessaloniki
(ol) 1988 (35) ><e4}) 11. Nf4 Bb7 12. h4 a6 13. Bf5 $14 {Skomorokhin,R-Donner,
B/Berliner Sommer 1993/1-0 (63)}) 10... c6 11. O-O-O b5 (11... h6 12. Ng3 $5
hxg5 13. hxg5 Ne4 14. Ngxe4 dxe4 15. Bxe4 g6 16. d5 c5 17. f4 c4 18. Qf2 (18.
g4 Bxg4 19. Qh2 Bh5 20. Bf3 Qb6 21. Bxh5 Qxe3+ 22. Kc2 (22. Kb1 Bb4 23. Bxg6
Nxg6 24. Qh7+ Kf8 $11) 22... gxh5 23. Qxh5 Ng6 24. Qh7+ Kf8 25. d6 (25. Rhf1
Bb4 26. f5 Bxc3 27. bxc3 Qe4+ 28. Kb2 Qg2+ 29. Ka1 Re2 $19) 25... Bd8 26. Kb1 (
26. Rhf1 $2 Re4 27. f5 Rh4 28. fxg6 Rxh7 29. gxh7 Qh3 30. g6 Kg7 $19) 26... Re4
(26... Ba5 27. Qh6+ Kg8 28. Nd5 Qe4+ 29. Ka1 $18) 27. f5 $18) 18... f5 19. gxf6
Bxf6 $17) 12. Ng3 a5 13. Nf5 $14 Bxf5 14. Bxf5 a4 15. Kb1 Qa5 (15... h6 16.
Bxf6 Bxf6 17. g3 (17. g4 Bxh4 18. Rh3 Bf6 19. Rdh1 Qd6 20. f4 g6 21. g5 $1 Bh8
22. Bd3 h5 23. f5 $40) 17... Qe7 18. Rc1 $14) 16. Ne2 Ra6 17. Nf4 (17. Rc1 $14)
17... b4 18. Qe2 Rb6 $5 (18... N8d7 19. Rc1 Rb6 20. g4 $16) 19. g4 Ne4 20. Bxe4
(20. Bxe7 Rxe7 21. Bxe4 Rxe4 (21... dxe4 {This game}) 22. f3 Re8 23. Rc1 $14 (
23. h5 $14)) 20... dxe4 21. Bxe7 Rxe7 22. d5 $6 (22. Rc1 $5 Ne6 23. Nxe6 Rxe6
24. Rc5 $16) 22... a3 $2 (22... c5 23. g5 $14) 23. b3 $16 Ng6 (23... c5 24. g5
$16 (24. h5 $16)) 24. Qc4 Re8 (24... Nxf4 25. d6 Rd7 (25... Qe5 26. Rd4 Rd7 27.
exf4 Qf6 28. g5 Qf5 29. Re1 $18) 26. exf4 Rb8 27. Rhe1 Qd8 28. Qxc6 Rc8 29.
Qxe4 Rxd6 30. Rxd6 Qxd6 31. Qe8+ Qf8 32. Qxf8+ Kxf8 33. Re4 Rb8 34. Kc2 $18)
25. Nxg6 hxg6 (25... fxg6 26. d6+ Kf8 27. d7 Rd8 28. Qxe4 $18) 26. h5 (26. d6
$5 Qe5 27. Qc2 (27. Qd4 Qxd4 28. Rxd4 c5 29. Rd5 Rd8 30. Rhd1 Rd7 31. Kc2 (31.
Rxc5 Rbxd6 32. Rxd6 Rxd6 33. Rc4 Rd2 34. Rxe4 Rb2+ 35. Kc1 Rxa2 36. Rxb4 Rxf2
37. Ra4 a2 38. Ra8+ Kh7 39. b4 g5 40. h5 g6 41. hxg6+ Kxg6 $11) 31... Rc6 $14)
27... Rd8 28. h5 Rxd6 29. hxg6 c5 30. gxf7+ Kxf7 31. Rc1 $16) 26... Qa6 $6 $18
(26... Qb5 $142 27. hxg6 fxg6 (27... Qxc4 28. bxc4 {-This game}) 28. Qxb5 cxb5
(28... Rxb5 29. dxc6 Rc8 30. Rd6 $18) 29. Rd2 (29. Rd4 Rf6 30. Rf1 Rd8 31. Rxe4
Rxd5 32. Rxb4 Rd2 $11) 29... Kf7 30. Rc1 Rd8 31. Rd4 Rf6 32. Rc2 g5 33. Rcd2
Rh6 34. Rxe4 Rh1+ 35. Kc2 Ra1 36. Kd3 Rxd5+ 37. Rd4 Ke6 38. Ke4 Rxd4+ 39. Kxd4
Kd6 40. Ke4+ Ke6 41. f3 g6 42. Rc2 Kd6 43. Rh2 Ke6 44. Rd2 Ke7 45. Kd5 Rf1 46.
Kc5 Rxf3 47. Kxb5 Rxe3 48. Kxb4 Re4+ 49. Kxa3 Rxg4 50. b4 Rf4 51. Kb3 g4 52. a4
Rf3+ 53. Kc4 g3 54. a5 Rf2 55. Rd3 g2 56. Rg3 Kf6 57. a6 g5 58. Kb3 g4 59. Rxg4
Kf5 60. Rg8 Rf3+ 61. Ka4 Rf2 62. Ka5 $18) 27. hxg6 Qxc4 $8 28. bxc4 b3 $2 (
28... cxd5 29. Rxd5 $1 (29. gxf7+ $2 Kxf7 30. cxd5 (30. Rxd5 b3 $1 (30... Rc8
31. Rd4 Rbc6 (31... Rf6 32. Rh2 Rfc6 33. Kc2 Rxc4+ 34. Rxc4 Rxc4+ 35. Kb3 Rc7
36. Kxb4 Ra7 37. Rh5 $18) 32. Rc1 Rf6 33. Rc2 Re6 34. Rcd2 Rec6 35. Kc2 Rxc4+
36. Rxc4 Rxc4+ 37. Kb3 Rc1 38. Kxb4 $18) 31. Ra5 Rc8 32. Ra4 Kf6 33. axb3 Rxb3+
34. Kc2 Rb2+ 35. Kc3 Rxf2 36. Rxa3 Rd8 37. Kb4 Rb2+ 38. Kc5 Kg5 39. Rg1 g6 $11)
30... b3 31. axb3 Rxb3+ 32. Ka2 Rb2+ $1 (32... Rc3 33. Rd2 (33. Rd4 Rb8 (33...
Rc2+ 34. Kxa3 Rxf2 $14) 34. Rd2 Kf6 35. d6 Rd8 36. Rd4 Rc2+ 37. Kxa3 Rxf2 38.
Rxe4 Rxd6 $14) 33... Kf6 34. Rb1 Rd8 35. Rb6+ Kg5 36. Rb4 Re8 37. d6 Kf6 38. d7
Rd8 39. Rxe4 $18) 33. Kxa3 Reb8 $1 $11) 29... Rxg6 (29... fxg6 30. Kc2 Rf8 (
30... b3+ 31. axb3 Reb8 32. Rb1 Ra8 33. Ra1 Kf7 34. Rd4 $18) 31. Rd2 b3+ 32.
axb3 Rfb8 33. Rb1 $18) (29... b3 30. axb3 Rxb3+ 31. Ka2 Rb2+ (31... Rc3 32.
Rh8+ $1 $18) 32. Kxa3 Reb8 33. Rd8+ Rxd8 34. Kxb2 fxg6 35. Kc3 $18) 30. Rdh5 f6
31. R1h4 Re5 32. Rh8+ Kf7 33. Kc2 f5 34. R8h5 Kf6 35. Rxf5+ Rxf5 36. gxf5 Kxf5
37. Kb3 $18) (28... c5 29. gxf7+ Kxf7 30. Kc2 $18) 29. Rh8+ $3 Kxh8 30. gxf7
bxa2+ 31. Kxa2 1-0